EASY:Guess The Airlines Base On Their Tail - Statistics

General Stats
  • This quiz has been taken 35 times
  • The average score is 13 of 15
Answer Stats
Picture Answer % Correct
Air Canada
100%
Swiss
97%
Ryan Air
94%
Qantas
91%
American Airlines
88%
British Airways
88%
Lufthansa
88%
Qatar Airways
84%
United Airlines
84%
Emirates
81%
Turkish Airlines
81%
Air France
78%
Singapore Airlines
78%
Cathay Pacific
72%
Etihad
72%
No matching quizzes found
Score Distribution
Percent of People with Each Score
Percentile by Number Answered
Your Score History
You have not taken this quiz